Statistiques concernant Culture Générale - Série 2207

Cliquez ici pour prendre le quiz!

Statistiques générales

  • Ce quiz a été pris 89 fois
  • Le résultat moyen est 6 sur 10

Statistiques - réponses

QuestionRéponse% Correct
Dans quelle ville antique de Mésopotamie se trouve les « Jardins Suspendus », l’une des 7 Merveilles du Monde ?Babylone
97%
De quelle ville d’Angleterre les Beatles sont-ils originaires ?Liverpool
93%
Quel est le numéro de département du Gers ?32
78%
Quel est le nouveau nom de la Birmanie ?Myanmar
77%
Quel pays africain s'est formé suite à la réunion du Tanganyika et de Zanzibar ?Tanzanie
73%
Dans le film "Les bronzés font du ski", quel rôle interprète Michel Blanc ? prénom et nomJean Claude Dusse
55%
Quel est le prénom de l'actrice franco-portugaise Atika ? voir photoAure
51%
Quel état américain a pour capitale Tallahassee ?Floride
49%
Dans le film "Les bronzés font du ski", quel métier exerce Christiane (Dominique Lavanant) ?esthéticienne
48%
Dans le film "Les bronzés font du ski", comment s'appelle le cochon que Jérôme (Christian Clavier) ne veut pas soigner ?copain
27%

Distribution des résultats

Percentile par nombre de réponses

% des personnes avec chaque résultat

Votre développement - résultats

Vous n’avez pas pris ce quiz